Física para estudiantes desesperados
Αποθηκεύτηκε σε:
| Κύριος συγγραφέας: | |
|---|---|
| Μορφή: | Ηλεκτρονική πηγή |
| Γλώσσα: | Αγγλικά |
| Έκδοση: |
2019
|
| Θέματα: | |
| Διαθέσιμο Online: | https://zenodo.org/record/4299109/files/Libro-1-Vol1.pdf?download=1 |
| Ετικέτες: |
Προσθήκη ετικέτας
Δεν υπάρχουν, Καταχωρήστε ετικέτα πρώτοι!
|
MARC
| LEADER | 00000nmm a22000007a 4500 | ||
|---|---|---|---|
| 003 | CL-VaPUC | ||
| 005 | 20201201191918.0 | ||
| 008 | 201201b ||||| |||| 00| 0 eng d | ||
| 999 | |c 432296 |d 432294 | ||
| 040 | |c Pontificia Universidad Católica de Valparaíso | ||
| 082 | |a 530 VER 2019 | ||
| 100 | 1 | |a Vergara, Lautaro |9 858469 | |
| 245 | |a Física para estudiantes desesperados | ||
| 260 | |c 2019 | ||
| 583 | |c 20201201 |k Cristina Rojas | ||
| 650 | |a Física Universitaria |9 858470 | ||
| 852 | |a BIBCUR | ||
| 856 | |u https://zenodo.org/record/4299109/files/Libro-1-Vol1.pdf?download=1 | ||
| 942 | |2 ddc |c BK | ||
| 952 | |0 0 |1 0 |2 ddc |4 0 |6 530_000000000000000_VER_2019 |7 0 |9 577053 |a BIBCUR |b BIBCUR |c ONLINE |d 2020-12-01 |i 432296 |o 530 VER 2019 |p 432296 |r 2020-12-01 |w 2020-12-01 |y BK |k FIS | ||